000 00342nam a2200133 i 4500
001 bg
100 1 _aOFICEROW, L. F.
245 0 _aJednorurowe ogrzewania wodne w układzie pionowym z bocznicami /
_cL.F. Oficerow.
260 _aWarszawa,
_c1964.
040 _cBPK
041 _apol
942 _cKS
008 s pl f |000 0 pol
999 _c4349
_d4349
856 _uhttp://koha.tu.koszalin.pl/cgi-bin/koha/opac-detail.pl?biblionumber=4349
_yKatalog online BPK